000 01058nam a22002657a 4500
999 _c63998
_d63998
005 20240530110709.0
008 180128s2016 ua g b 000 0 ara d
017 _a2015/16413
_bمصر. دار الكتب
020 _a9789777611206
040 _aEG-CaGPL
_cEG-CaGPL
082 0 4 _221
_a364.67 /
_bع ت
100 0 _aعبدالقادر محمد القيسى
245 1 0 _aتعذيب المتهم لحملة على الاعتراف بين الجريمة والمسئولية /
_cعبدالقادر محمد القيسى
250 _aط. 1
260 _aالقاهرة :
_bالمركز القومى للاصدارات القانونية،
_c2016.
300 _a379 ص. ؛
_c24 سم.
504 _aيشتمل على ارجاعات ببليوجرافية
650 0 7 _2qrmak
_aالتعذيب
650 0 7 _2qrmak
_aالجريمة والمجرمون
_xالتحقيق
650 0 7 _2qrmak
_aجرائم التعذيب
651 _2qrmak
653 0 _aالمسجونون - تعذيب
942 _2ddc
_cBK